| 000 | 00359nam a2200133Ia 4500 | ||
|---|---|---|---|
| 005 | 20251222143225.0 | ||
| 008 | 251222s9999||||xx |||||||||||||| ||spa|| | ||
| 020 | _a9972-753-69-7 | ||
| 082 | _a510/H37 | ||
| 100 | _aHelfgott, Michel | ||
| 245 | 0 | _aHistoria y Pedagogía de la Matemática | |
| 264 | _bInstituto de Matemática y Ciencias Afines | ||
| 942 | _cLIB | ||
| 999 |
_c13981 _d13981 |
||